[Event "II - WIDCC Open Tournament"]
[Site "Malente GER"]
[Date "2004.07.25"]
[Round "1.9"]
[White "Lukàcsovics L. (HUN)"]
[Black "Hreinsson A. (ICE)"]
[Result "1-0"]
[WhiteElo "2037"]
[BlackElo "1805"]
[PlyCount "107"]
[EventDate "2004.??.??"]
[EventType "swiss"]
[EventRounds "9"]
[EventCountry "GER"]

1. d4 Nf6 2. Nf3 g6 3. c4 Bg7 4. Nc3 O-O 5. e4 d6 6. Be2 e5 7. O-O Nc6 8. dxe5
dxe5 9. Qxd8 Rxd8 10. Bg5 h6 11. Bxf6 Bxf6 12. Nd5 Bg7 13. Nxc7 Rb8 14. Rfd1
Nd4 15. Kf1 Be6 16. Nxe6 Nxe6 17. Rd5 Nf4 18. Rc5 Nxe2 19. Kxe2 Rbc8 20. Rxc8
Rxc8 21. b3 f5 22. Nd2 Rd8 23. Rd1 Rd4 24. f3 Bf8 25. Nb1 fxe4 26. Rxd4 exf3+
27. Kxf3 exd4 28. Ke4 Kf7 29. Kxd4 Ke6 30. Ke4 Bd6 31. h3 b6 32. Nd2 a5 33. Nf3
Bg3 34. Nd4+ Kd6 35. Ne2 Bf2 36. Nf4 g5 37. Nd3 Bg1 38. g4 Ke6 39. Ne1 Bc5 40.
Nf3 Bf8 41. Nd4+ Kd6 42. Kf5 Be7 43. Kg6 Kc5 44. Nf5 Bd8 45. Nxh6 Kb4 46. Nf7
Be7 47. Nxg5 Ka3 48. h4 Kxa2 49. h5 Ba3 50. h6 Kxb3 51. h7 Bb2 52. Ne4 Bh8 53.
Kf7 a4 54. c5 1-0

[Event "II - WIDCC Open Tournament"]
[Site "Malente GER"]
[Date "2004.07.25"]
[Round "1.9"]
[White "Johannesen H. (NED)"]
[Black "Michalowski R. (GER)"]
[Result "1/2-1/2"]
[WhiteElo "1805"]
[BlackElo "1921"]
[PlyCount "95"]
[EventDate "2004.??.??"]
[EventType "swiss"]
[EventRounds "9"]
[EventCountry "GER"]

1. d4 Nf6 2. c4 e6 3. a3 d5 4. c5 c6 5. Nf3 Nbd7 6. Nc3 Qc7 7. g3 e5 8. dxe5
Nxe5 9. Nxe5 Qxe5 10. Bf4 Qe6 11. b4 Be7 12. Bg2 O-O 13. O-O Rd8 14. Rc1 Ne4
15. Bxe4 dxe4 16. Qc2 g5 17. Bc7 Rd7 18. Ba5 f5 19. Rfd1 Rb8 20. Na4 Bf6 21.
Rxd7 Bxd7 22. Rd1 Be7 23. Bc7 Rc8 24. Bd6 Bf6 25. Nc3 Be8 26. a4 Rd8 27. Rb1
Be5 28. Bxe5 Qxe5 29. Nd1 Bf7 30. Ne3 Qe6 31. Rd1 Rxd1+ 32. Qxd1 h6 33. Qd8+
Kg7 34. Qd6 Qxd6 35. Nxf5+ Kf6 36. Nxd6 Bd5 37. e3 b6 38. Kf1 bxc5 39. bxc5 Bb3
40. Nxe4+ Ke5 41. Nc3 Bc4+ 42. Ke1 g4 43. Kd2 a5 44. Kc2 h5 45. Kd2 Ba6 46. Kc2
Bc4 47. Kb2 Bf7 48. Kc2 1/2-1/2

[Event "II - WIDCC Open Tournament"]
[Site "Malente GER"]
[Date "2004.07.25"]
[Round "1.9"]
[White "Rossinskaja L. (RUS)"]
[Black "Karmars A. (LAT)"]
[Result "1-0"]
[WhiteElo "1864"]
[BlackElo "1805"]
[PlyCount "87"]
[EventDate "2004.??.??"]
[EventType "swiss"]
[EventRounds "9"]
[EventCountry "GER"]

1. e4 c5 2. Nf3 Nc6 3. d4 cxd4 4. Nxd4 e5 5. Nb5 d6 6. N1c3 a6 7. Na3 Nf6 8.
Bg5 Be7 9. Bxf6 Bxf6 10. Nd5 O-O 11. c3 g6 12. Nc4 b5 13. Ncb6 Rb8 14. Nxc8
Rxc8 15. a4 Rb8 16. axb5 Na7 17. b6 Nc8 18. Rxa6 Nxb6 19. b4 Nxd5 20. Qxd5 Qe7
21. Rc6 Qa7 22. Ba6 Rb6 23. Rxb6 Qxb6 24. Bb5 Bg5 25. O-O Kh8 26. Qc6 Qd8 27.
Rd1 Be7 28. Bc4 f5 29. Bd5 fxe4 30. Bxe4 Rf6 31. Qa8 Kg7 32. Qxd8 Bxd8 33. f3
Kf7 34. Kf1 Ke7 35. Ke2 Kd7 36. c4 Ke7 37. c5 dxc5 38. bxc5 Ra6 39. Rb1 Ra2+
40. Kd3 Rxg2 41. Rb7+ Kf8 42. Rxh7 Ba5 43. Kc4 Rc2+ 44. Bxc2 1-0

[Event "II - WIDCC Open Tournament"]
[Site "Malente GER"]
[Date "2004.07.25"]
[Round "1.9"]
[White "Kaminski L. (POL)"]
[Black "Burnett R. (SCO)"]
[Result "1/2-1/2"]
[WhiteElo "1907"]
[BlackElo "1805"]
[PlyCount "43"]
[EventDate "2004.??.??"]
[EventType "swiss"]
[EventRounds "9"]
[EventCountry "GER"]

1. c4 c5 2. Nc3 Nc6 3. g3 g6 4. Bg2 Bg7 5. Nf3 Nf6 6. O-O O-O 7. d3 Re8 8. a3
d6 9. Rb1 Rb8 10. Bd2 Bd7 11. b4 Nd4 12. b5 b6 13. Re1 Qc8 14. e3 Nxf3+ 15.
Bxf3 Bg4 16. Bxg4 Qxg4 17. f3 Qh3 18. Qe2 h5 19. Qf1 Qd7 20. Qf2 d5 21. Rbd1
Rbd8 22. Qe2 1/2-1/2

[Event "II - WIDCC Open Tournament"]
[Site "Malente GER"]
[Date "2004.07.25"]
[Round "1.9"]
[White "Capitanio G. (ITA)"]
[Black "Kreuzer C. (ENG)"]
[Result "0-1"]
[WhiteElo "1805"]
[BlackElo "1805"]
[PlyCount "106"]
[EventDate "2004.??.??"]
[EventType "swiss"]
[EventRounds "9"]
[EventCountry "GER"]

1. f4 d5 2. d4 Bf5 3. e3 Nf6 4. Nc3 e6 5. Nf3 Nbd7 6. Bb5 c6 7. Be2 b5 8. Bd3
Bd6 9. Ne2 Ne4 10. c3 a5 11. Ng3 Nxg3 12. hxg3 Bxd3 13. Qxd3 Nf6 14. Ng5 h6 15.
e4 dxe4 16. Nxe4 Be7 17. Bd2 a4 18. Ke2 Qd5 19. Nxf6+ Bxf6 20. Qf3 O-O-O 21.
Rh5 Qc4+ 22. Kf2 Rd5 23. f5 e5 24. b3 axb3 25. axb3 Qxb3 26. Ra8+ Kb7 27. Rxh8
exd4 28. c4 Qxf3+ 29. Kxf3 bxc4 30. g4 c3 31. Bf4 Be5 32. Rh1 d3 33. Rb1+ Kc7
34. Rbb8 Bxf4 35. Rbc8+ Kb6 36. Kxf4 c2 37. Rb8+ Kc5 38. Rhe8 c1=Q+ 39. Re3
Qxe3+ 40. Kxe3 d2 41. Rb1 d1=Q 42. Rxd1 Rxd1 43. Ke2 Rd4 44. Kf3 Kd5 45. g5
hxg5 46. g4 f6 47. Ke3 c5 48. Kf3 c4 49. Ke3 c3 50. Kf3 c2 51. Kg3 c1=Q 52. Kg2
Rd2+ 53. Kg3 Qc3# 0-1

[Event "II - WIDCC Open Tournament"]
[Site "Malente GER"]
[Date "2004.07.25"]
[Round "1.9"]
[White "Michalczuk K. (POL)"]
[Black "Chilton E. (NED)"]
[Result "1-0"]
[WhiteElo "1805"]
[BlackElo "1805"]
[PlyCount "49"]
[EventDate "2004.??.??"]
[EventType "swiss"]
[EventRounds "9"]
[EventCountry "GER"]

1. d4 d5 2. c4 Nf6 3. Nc3 Bg4 4. h3 Be6 5. Bf4 c6 6. c5 Bf5 7. Nf3 h6 8. e3 Qa5
9. Qd2 Qd8 10. b4 b5 11. a4 a6 12. axb5 cxb5 13. Bxb5+ Nbd7 14. Rxa6 Rxa6 15.
Bxa6 Qa8 16. Nb5 Qc6 17. Nc7+ Kd8 18. b5 Ne4 19. bxc6 Nxd2 20. Kxd2 Nf6 21. Ra1
e6 22. Bd3 Ne4+ 23. Bxe4 Bxe4 24. Ra8+ Ke7 25. Bd6+ 1-0

[Event "II - WIDCC Open Tournament"]
[Site "Malente GER"]
[Date "2004.07.25"]
[Round "1.9"]
[White "Chilton M. (NED)"]
[Black "Nendza J. (GER)"]
[Result "1-0"]
[WhiteElo "1805"]
[BlackElo "1805"]
[PlyCount "134"]
[EventDate "2004.??.??"]
[EventType "swiss"]
[EventRounds "9"]
[EventCountry "GER"]

1. e4 c5 2. Nf3 e6 3. Nc3 a6 4. a3 Nc6 5. d4 d5 6. Be3 b6 7. dxc5 Bxc5 8. Bxc5
bxc5 9. exd5 exd5 10. Qxd5 Qe7+ 11. Kd2 Bb7 12. Re1 Rd8 13. Bd3 Rxd5 14. Nxd5
Qxe1+ 15. Rxe1+ Kd8 16. Ng5 Nh6 17. f3 Nd4 18. Bc4 Re8 19. Rxe8+ Kxe8 20. Nc7+
Kd8 21. Nxa6 Bxa6 22. Bxa6 Ndf5 23. Ne4 Nh4 24. Bf1 N6f5 25. Nxc5 g5 26. c3 h6
27. Ke2 Ng6 28. g3 Ne5 29. b3 h5 30. Ne4 g4 31. Nd2 gxf3+ 32. Nxf3 Ng4 33. Bh3
Nfe3 34. Bxg4 Nxg4 35. h3 Nh6 36. Nd4 Ng8 37. Kf3 Nf6 38. c4 Nd7 39. Kf4 f6 40.
b4 Ne5 41. c5 Nd3+ 42. Kf5 Nf2 43. h4 Ng4 44. Kg6 f5 45. Nxf5 Ne5+ 46. Kxh5 Nc4
47. a4 Ne5 48. b5 Kc7 49. g4 Nd7 50. c6 Nf6+ 51. Kg5 Ne4+ 52. Kg6 Nc3 53. h5
Nxa4 54. h6 Nc3 55. Nd4 Nd5 56. h7 Ne7+ 57. Kf7 Nc8 58. h8=Q Nd6+ 59. Ke6 Nc8
60. Qg7+ Kb6 61. Qb7+ Kc5 62. Qxc8 Kxd4 63. Qd7+ Kc5 64. c7 Kb6 65. c8=R Ka5
66. Ra8+ Kb4 67. Qd2+ Kc5 1-0

[Event "II - WIDCC Open Tournament"]
[Site "Malente GER"]
[Date "2004.07.25"]
[Round "1.9"]
[White "Oborina E. (RUS)"]
[Black "Christie J. (SCO)"]
[Result "1-0"]
[WhiteElo "1805"]
[BlackElo "1805"]
[PlyCount "79"]
[EventDate "2004.??.??"]
[EventType "swiss"]
[EventRounds "9"]
[EventCountry "GER"]

1. e4 e6 2. d4 d6 3. Nf3 a6 4. c4 c6 5. Nc3 Ne7 6. Be2 d5 7. Bf4 dxe4 8. Nxe4
Nf5 9. O-O Bd6 10. Nxd6+ Nxd6 11. Ne5 Nd7 12. Nxc6 bxc6 13. Bxd6 Nf6 14. Ba3
Bb7 15. Bf3 Qd7 16. Qb3 Rb8 17. Rad1 Qc7 18. Rfe1 Bc8 19. Qd3 h5 20. d5 cxd5
21. cxd5 Ng4 22. Bxg4 hxg4 23. g3 Rb6 24. d6 Qd7 25. Qd4 O-O 26. Qxg4 Bb7 27.
f3 Bd5 28. Re5 Bxa2 29. Rh5 f6 30. Qh4 Kf7 31. Rh7 Ke8 32. Qh5+ Kd8 33. Qa5 Bb3
34. Rc1 Bd5 35. Rc7 Qb5 36. Qxb5 Rxb5 37. Rhxg7 Bxf3 38. Ra7 e5 39. d7 Rh8 40.
Be7# 1-0

[Event "II - WIDCC Open Tournament"]
[Site "Malente GER"]
[Date "2004.07.25"]
[Round "1.9"]
[White "Petrauskas G. (LTU)"]
[Black "Dearie J. (SCO)"]
[Result "1-0"]
[WhiteElo "1805"]
[BlackElo "1805"]
[PlyCount "91"]
[EventDate "2004.??.??"]
[EventType "swiss"]
[EventRounds "9"]
[EventCountry "GER"]

1. Nf3 e6 2. d4 Nc6 3. g3 Nb4 4. Bg2 d6 5. O-O Be7 6. c4 Nf6 7. Nc3 d5 8. a3
Nc6 9. cxd5 Nxd5 10. Bd2 Nf6 11. e3 a6 12. Qc2 O-O 13. Rac1 Bd6 14. Ng5 g6 15.
Nge4 Nxe4 16. Nxe4 e5 17. Nxd6 Qxd6 18. Bxc6 bxc6 19. Bb4 Qd8 20. Bxf8 Qxf8 21.
Qxc6 Bh3 22. Rfe1 Rb8 23. Re2 Rb6 24. Qxc7 Re6 25. Qb7 Re7 26. Rc7 Rxc7 27.
Qxc7 Qa8 28. e4 exd4 29. Rd2 Qxe4 30. Qd8+ Kg7 31. Qxd4+ Qxd4 32. Rxd4 Be6 33.
b4 Bc8 34. a4 Kf6 35. b5 Ke5 36. Rd8 Bb7 37. Rb8 axb5 38. Rxb7 bxa4 39. Rxf7 h6
40. Ra7 Kf5 41. Kg2 Kf6 42. f4 Kf5 43. Kf3 Kf6 44. g4 h5 45. g5+ Kf5 46. Re7
1-0

[Event "II - WIDCC Open Tournament"]
[Site "Malente GER"]
[Date "2004.07.25"]
[Round "1.9"]
[White "Dunn R. (ENG)"]
[Black "Picone C. (ITA)"]
[Result "1-0"]
[WhiteElo "1805"]
[BlackElo "1805"]
[PlyCount "93"]
[EventDate "2004.??.??"]
[EventType "swiss"]
[EventRounds "9"]
[EventCountry "GER"]

1. c4 Nf6 2. Nf3 g6 3. g3 Bg7 4. Bg2 c5 5. Nc3 Nc6 6. O-O d6 7. d3 O-O 8. Bd2
Rb8 9. Qc1 a6 10. Bh6 Be6 11. Bxg7 Kxg7 12. h3 Qd7 13. Kh2 Rh8 14. Ng5 h6 15.
Nxe6+ Qxe6 16. Qd2 h5 17. h4 Ne5 18. b3 b5 19. Rad1 Neg4+ 20. Kg1 Qe5 21. e3
bxc4 22. dxc4 Rb4 23. Rde1 Qe6 24. f4 Nh6 25. e4 Qc8 26. Qd3 Rd8 27. Rd1 Rb8
28. Rd2 Qc7 29. Rfd1 Qb6 30. Qe2 Qa5 31. Qf3 Nhg4 32. Re2 Qc7 33. Rde1 e5 34.
Rf1 Qe7 35. Bh3 Rb7 36. Bxg4 hxg4 37. Qe3 Ne8 38. f5 f6 39. fxg6 Kxg6 40. Nd5
Qg7 41. Ref2 Rf7 42. Rf5 Rdd7 43. Nxf6 Rxf6 44. Rg5+ Kf7 45. Rxg7+ Kxg7 46.
Qg5+ Rg6 47. Qf5 1-0

[Event "II - WIDCC Open Tournament"]
[Site "Malente GER"]
[Date "2004.07.25"]
[Round "1.9"]
[White "Pietrucha R. (POL)"]
[Black "Durdyev Y. (TKM)"]
[Result "1-0"]
[WhiteElo "2103"]
[BlackElo "1805"]
[PlyCount "57"]
[EventDate "2004.??.??"]
[EventType "swiss"]
[EventRounds "9"]
[EventCountry "GER"]

1. c4 Nf6 2. Nc3 c5 3. Nf3 d6 4. d4 e6 5. dxc5 dxc5 6. Qxd8+ Kxd8 7. Ne5 Ke8 8.
Nb5 Na6 9. a3 Nd7 10. Nd3 Kd8 11. Bf4 f6 12. Rd1 e5 13. Be3 b6 14. f4 e4 15.
Nf2 f5 16. g4 g6 17. gxf5 gxf5 18. Bh3 Bg7 19. Bc1 Rf8 20. Rg1 Rg8 21. Bxf5
Bc3+ 22. Kf1 Rxg1+ 23. Kxg1 e3 24. Nxc3 exf2+ 25. Kxf2 h6 26. Nb5 Ke7 27. Nd6
Nc7 28. Nxc8+ Rxc8 29. Rxd7+ 1-0

[Event "II - WIDCC Open Tournament"]
[Site "Malente GER"]
[Date "2004.07.25"]
[Round "1.9"]
[White "Filatov B. (RUS)"]
[Black "Pasquotto M. (ITA)"]
[Result "0-1"]
[WhiteElo "1805"]
[BlackElo "1805"]
[PlyCount "62"]
[EventDate "2004.??.??"]
[EventType "swiss"]
[EventRounds "9"]
[EventCountry "GER"]

1. d4 Nf6 2. c4 e6 3. Nf3 b6 4. g3 Bb7 5. Bg2 Be7 6. O-O O-O 7. Nc3 h6 8. a3 c5
9. d5 exd5 10. cxd5 d6 11. e4 Nbd7 12. Re1 a6 13. Nh4 Re8 14. f4 Nxe4 15. Rxe4
Bxh4 16. Rxe8+ Qxe8 17. gxh4 Qe7 18. Bd2 Qxh4 19. Qe1 Qxe1+ 20. Rxe1 Kf8 21.
Re2 b5 22. Be1 Nb6 23. Bf2 a5 24. Nxb5 Ba6 25. a4 Nxa4 26. Nc7 Bxe2 27. Nxa8
Nxb2 28. Be1 a4 29. Kf2 a3 30. Bc3 Nd1+ 31. Kxe2 Nxc3+ 0-1

[Event "II - WIDCC Open Tournament"]
[Site "Malente GER"]
[Date "2004.07.25"]
[Round "1.9"]
[White "Rylov V. (RUS)"]
[Black "Ghadimi M.R. (IRN)"]
[Result "1-0"]
[WhiteElo "1805"]
[BlackElo "1805"]
[PlyCount "111"]
[EventDate "2004.??.??"]
[EventType "swiss"]
[EventRounds "9"]
[EventCountry "GER"]

1. d4 Nf6 2. c4 e6 3. a3 c5 4. Nf3 cxd4 5. Qxd4 Nc6 6. Qd1 d5 7. e3 e5 8. h3
Bd6 9. Nc3 Be6 10. cxd5 Nxd5 11. Ne4 Be7 12. Be2 O-O 13. O-O f5 14. Nc3 Bf6 15.
Bc4 Nce7 16. Qb3 e4 17. Nd4 Bxd4 18. exd4 Kh8 19. Bg5 Nxc3 20. bxc3 Bxc4 21.
Qxc4 Qd7 22. Rab1 Nd5 23. Qb3 h6 24. Bc1 Nb6 25. Bf4 Rae8 26. Be5 f4 27. Kh2
Rf5 28. c4 f3 29. g4 Rfxe5 30. dxe5 Qc7 31. Rfc1 Rxe5 32. Kg1 Qe7 33. Qe3 Qe6
34. Qf4 h5 35. Rb5 Nxc4 36. Rxe5 Nxe5 37. Qxe4 hxg4 38. hxg4 b5 39. Re1 Qxg4+
40. Qxg4 Nxg4 41. Re4 Nf6 42. Re5 a6 43. Rf5 Kg8 44. Rxf3 Kf7 45. Rf5 Ke6 46.
Rc5 Kd7 47. Rg5 Ne8 48. Kf1 Kc6 49. Rg6+ Nd6 50. Ke2 Kc5 51. Kd3 a5 52. Rxg7
Nc4 53. Rg5+ Kc6 54. Kd4 Nxa3 55. Rg6+ Kd7 56. Ra6 1-0

[Event "II - WIDCC Open Tournament"]
[Site "Malente GER"]
[Date "2004.07.25"]
[Round "1.9"]
[White "Grudina M. (ITA)"]
[Black "Svec D. (CRO)"]
[Result "0-1"]
[WhiteElo "1805"]
[BlackElo "1805"]
[PlyCount "116"]
[EventDate "2004.??.??"]
[EventType "swiss"]
[EventRounds "9"]
[EventCountry "GER"]

1. e4 d5 2. exd5 Qxd5 3. Nc3 Qa5 4. d4 Nf6 5. Nf3 Bg4 6. h3 Bh5 7. Bd2 Qb6 8.
Na4 Qd6 9. Nc3 e6 10. Be2 Nc6 11. Nb5 Qd8 12. Bf4 Bd6 13. Ne5 Bxe2 14. Qxe2 O-O
15. O-O a6 16. Nxc6 bxc6 17. Nxd6 cxd6 18. Bg5 h6 19. Bh4 d5 20. f4 Kh7 21. g4
Qb6 22. Bxf6 gxf6 23. c3 Rg8 24. Kh1 Rab8 25. Rab1 c5 26. dxc5 Qxc5 27. Rf3 Qc4
28. Qxc4 dxc4 29. Rf2 Rgd8 30. Kg2 Rd3 31. Rf3 Rd2+ 32. Rf2 Rbd8 33. Rbf1 R2d5
34. Re2 Rb8 35. Rff2 a5 36. Re4 Rc5 37. Rd4 Kg7 38. Kg3 Rb7 39. Kg2 e5 40. fxe5
fxe5 41. Re4 f6 42. Kg3 Kg6 43. Kh4 Rh7 44. Kg3 Rd7 45. Ree2 a4 46. a3 Rd3+ 47.
Rf3 Rcd5 48. Kg2 Rxf3 49. Kxf3 f5 50. gxf5+ Kxf5 51. Kg3 Rd3+ 52. Kg2 e4 53.
Rf2+ Ke5 54. Re2 Kf4 55. h4 e3 56. h5 Rd2 57. Kf1 Kf3 58. Re1 e2+ 0-1

[Event "II - WIDCC Open Tournament"]
[Site "Malente GER"]
[Date "2004.07.25"]
[Round "1.9"]
[White "Golemovic T. (CRO)"]
[Black "Hartmann A. (GER)"]
[Result "0-1"]
[WhiteElo "1805"]
[BlackElo "1805"]
[PlyCount "76"]
[EventDate "2004.??.??"]
[EventType "swiss"]
[EventRounds "9"]
[EventCountry "GER"]

1. d4 Nf6 2. Nf3 e6 3. Bg5 d5 4. c4 Be7 5. Nc3 O-O 6. e3 b6 7. cxd5 Nxd5 8.
Bxe7 Qxe7 9. Nxd5 exd5 10. Be2 Be6 11. O-O c5 12. Ne5 Rc8 13. Bf3 c4 14. Rc1 b5
15. Bg4 Nd7 16. Bxe6 fxe6 17. Nxd7 Qxd7 18. Qd2 a5 19. a3 Qd6 20. Rfe1 b4 21.
Ra1 bxa3 22. Rxa3 Qb4 23. Rd1 Rcb8 24. Qxb4 axb4 25. Rxa8 Rxa8 26. Rb1 Ra2 27.
Kf1 Kf7 28. Ke1 Kf6 29. g3 e5 30. Kd2 Kf5 31. dxe5 Kxe5 32. f3 d4 33. exd4+
Kxd4 34. Kc2 b3+ 35. Kd1 c3 36. bxc3+ Kxc3 37. Rc1+ Kd3 38. Rb1 b2 0-1

[Event "II - WIDCC Open Tournament"]
[Site "Malente GER"]
[Date "2004.07.26"]
[Round "2.9"]
[White "Oborina E. (RUS)"]
[Black "Lukàcsovics L. (HUN)"]
[Result "1/2-1/2"]
[WhiteElo "1805"]
[BlackElo "2037"]
[PlyCount "44"]
[EventDate "2004.??.??"]
[EventType "swiss"]
[EventRounds "9"]
[EventCountry "GER"]

1. e4 c5 2. Nf3 d6 3. d4 cxd4 4. Nxd4 Nf6 5. Nc3 a6 6. Be2 e6 7. O-O Be7 8. Be3
O-O 9. Kh1 Qc7 10. a4 Nc6 11. Nb3 b6 12. f4 Re8 13. Bf3 Rb8 14. Qe2 Nd7 15.
Rfd1 Nc5 16. Rd2 Nxb3 17. cxb3 Na5 18. Qd1 Bb7 19. Rc1 Rec8 20. Ne2 Qd8 21.
Rxc8 Rxc8 22. Bd4 Nc6 1/2-1/2

[Event "II - WIDCC Open Tournament"]
[Site "Malente GER"]
[Date "2004.07.26"]
[Round "2.9"]
[White "Petrauskas G. (LTU)"]
[Black "Chilton M. (NED)"]
[Result "1-0"]
[WhiteElo "1805"]
[BlackElo "1805"]
[PlyCount "91"]
[EventDate "2004.??.??"]
[EventType "swiss"]
[EventRounds "9"]
[EventCountry "GER"]

1. Nf3 d5 2. d4 Nc6 3. g3 Nf6 4. Bg2 h6 5. O-O Bf5 6. a3 Qd7 7. Nbd2 Bh3 8. c4
Bxg2 9. Kxg2 g5 10. h3 Bg7 11. e3 dxc4 12. Qa4 a6 13. Qxc4 b5 14. Qc5 e6 15. b4
Bf8 16. Qc2 Be7 17. Bb2 Rg8 18. Rac1 Nd8 19. Qxc7 Qd5 20. Qc2 g4 21. hxg4 Rxg4
22. Rfe1 Ne4 23. Nxe4 Rxe4 24. Kf1 Qf5 25. Nd2 Qh3+ 26. Ke2 Qh5+ 27. f3 Qh2+
28. Kd3 Rxe3+ 29. Rxe3 Qxg3 30. Ne4 Qg6 31. f4 Qf5 32. Rf3 Qd5 33. Ke3 f5 34.
Nd2 a5 35. bxa5 Rxa5 36. Ra1 Nc6 37. Qb3 Qd6 38. a4 Qb8 39. Qxe6 Qb6 40. Rc1
Ra6 41. Qxh6 bxa4 42. Qxc6+ Qxc6 43. Rxc6 Rxc6 44. Kd3 Rd6 45. Ba1 Rb6 46. Kc2
{Rest der Notation unleserlich.} 1-0

[Event "II - WIDCC Open Tournament"]
[Site "Malente GER"]
[Date "2004.07.26"]
[Round "2.9"]
[White "Svec D. (CRO)"]
[Black "Dunn R. (ENG)"]
[Result "0-1"]
[WhiteElo "1805"]
[BlackElo "1805"]
[PlyCount "72"]
[EventDate "2004.??.??"]
[EventType "swiss"]
[EventRounds "9"]
[EventCountry "GER"]

1. d4 Nf6 2. Nf3 g6 3. Bf4 Bg7 4. e3 O-O 5. Nbd2 d6 6. h3 Nc6 7. Be2 h6 8. O-O
Re8 9. c3 e5 10. Bh2 Qe7 11. a4 a6 12. a5 e4 13. Ne1 Kh7 14. b4 Bd7 15. Qb3 Be6
16. Bc4 Bxc4 17. Nxc4 Nd7 18. Nc2 f5 19. b5 axb5 20. Qxb5 Reb8 21. Nb4 Na7 22.
Qa4 Qf7 23. Na3 Nf6 24. Nb5 Qc4 25. Na3 Qf7 26. c4 Nh5 27. Rac1 f4 28. c5 dxc5
29. Rxc5 b6 30. axb6 cxb6 31. Rc3 Rc8 32. Rfc1 Rxc3 33. Rxc3 fxe3 34. fxe3 Rf8
35. Bd6 Qf1+ 36. Kh2 Rf2 0-1

[Event "II - WIDCC Open Tournament"]
[Site "Malente GER"]
[Date "2004.07.26"]
[Round "2.9"]
[White "Hartmann A. (GER)"]
[Black "Pietrucha R. (POL)"]
[Result "1/2-1/2"]
[WhiteElo "1805"]
[BlackElo "2103"]
[PlyCount "145"]
[EventDate "2004.??.??"]
[EventType "swiss"]
[EventRounds "9"]
[EventCountry "GER"]

1. Nf3 Nf6 2. d4 d5 3. e3 Bg4 4. c4 e6 5. Qb3 Qc8 6. Ne5 Bh5 7. Nc3 c6 8. cxd5
exd5 9. Bd2 Bd6 10. Nf3 O-O 11. Be2 Nbd7 12. O-O Ne4 13. Rfd1 Ndf6 14. Rac1 Qd7
15. Na4 Nxd2 16. Rxd2 Qe7 17. a3 Ne4 18. Rdc2 Rab8 19. Nc3 Rfe8 20. Qa2 Bg6 21.
Nxe4 Bxe4 22. Rc3 Qf6 23. b4 Qh6 24. g3 Qf6 25. Nd2 Bf5 26. b5 Bd7 27. bxc6
bxc6 28. Rb3 Qe7 29. Rcb1 Rxb3 30. Rxb3 Be6 31. Rc3 Rc8 32. Qc2 Bd7 33. Qc1 g6
34. Bf3 Qf6 35. Bxd5 Bxa3 36. Bxf7+ Qxf7 37. Rxa3 Bh3 38. Qc4 Qxc4 39. Nxc4 Rb8
40. Ra1 Kf8 41. Ne5 Rb6 42. g4 Ke8 43. f3 Rb2 44. Rxa7 h5 45. gxh5 Rg2+ 46. Kh1
Rf2 47. Ra1 gxh5 48. Nxc6 Rxf3 49. e4 Re3 50. e5 Re2 51. Rg1 Bg4 52. Rg3 Be6
53. Kg1 h4 54. Rg6 Bd5 55. h3 Re3 56. Rd6 Rg3+ 57. Kf2 Bxc6 58. Rxc6 Rxh3 59.
d5 Rd3 60. d6 Kd7 61. Rc7+ Kd8 62. Rh7 Rd5 63. Re7 h3 64. Kg3 Rd3+ 65. Kh2 Re3
66. e6 Rd3 67. Rd7+ Ke8 68. Kh1 Rd2 69. Kg1 Rg2+ 70. Kh1 Rd2 71. Re7+ Kd8 72.
Rd7+ Ke8 73. Re7+ 1/2-1/2

[Event "II - WIDCC Open Tournament"]
[Site "Malente GER"]
[Date "2004.07.26"]
[Round "2.9"]
[White "Kreuzer C. (ENG)"]
[Black "Rylov V. (RUS)"]
[Result "0-1"]
[WhiteElo "1805"]
[BlackElo "1805"]
[PlyCount "142"]
[EventDate "2004.??.??"]
[EventType "swiss"]
[EventRounds "9"]
[EventCountry "GER"]

1. e4 c5 2. Nf3 d6 3. d4 cxd4 4. Nxd4 Nf6 5. Nc3 a6 6. Be2 e5 7. Nb3 Be7 8. Be3
Be6 9. f3 Qc7 10. g4 h6 11. h4 Nbd7 12. Qd2 Nb6 13. O-O-O O-O-O 14. Bxb6 Qxb6
15. Na4 Qc6 16. Qb4 Nd7 17. Rd3 Bxb3 18. Rxb3 b5 19. Qa5 Nc5 20. Rxb5 Nxa4 21.
Rb4 Nc5 22. Rb6 Qc7 23. b4 Kd7 24. bxc5 Ke8 25. Bxa6 Qxc5 26. Qxc5 dxc5 27.
Bb5+ Kf8 28. Rd1 Bxh4 29. Rxd8+ Bxd8 30. Rb8 Ke7 31. Rc8 h5 32. gxh5 Rxh5 33.
Rxc5 f6 34. Be2 Bb6 35. Rb5 Be3+ 36. Kb2 Rh2 37. Bc4 Rf2 38. Rb7+ Kd6 39. Rxg7
Rxf3 40. Rf7 Kc5 41. Bd3 Bg5 42. Rb7 Rg3 43. a4 Bd2 44. Rb5+ Kc6 45. a5 Be3 46.
Rb8 Bd4+ 47. Kb3 f5 48. Kc4 f4 49. a6 Rg1 50. Re8 Rc1 51. Re6+ Kc7 52. Kd5 Ra1
53. Re7+ Kd8 54. Rf7 Ra5+ 55. Kc6 Ra2 56. Kb7 Rb2+ 57. Ka8 Kc8 58. Rb7 Ra2 59.
a7 f3 60. Rb8+ Kc7 61. Rb7+ Kc8 62. Rb8+ Kc7 63. Rb7+ Kd6 64. Rf7 f2 65. Rb7
Rxc2 66. Bxc2 f1=Q 67. Kb8 Bxa7+ 68. Rxa7 Kc5 69. Rc7+ Kd4 70. Rd7+ Ke3 71. Ba4
Qb1+ 0-1

[Event "II - WIDCC Open Tournament"]
[Site "Malente GER"]
[Date "2004.07.26"]
[Round "2.9"]
[White "Westerveld G. (NED)"]
[Black "Michalczuk K. (POL)"]
[Result "0-1"]
[WhiteElo "1805"]
[BlackElo "1805"]
[PlyCount "65"]
[EventDate "2004.??.??"]
[EventType "swiss"]
[EventRounds "9"]
[EventCountry "GER"]

1. e4 c5 2. Nf3 Nc6 3. d3 e6 4. c3 g6 5. Be2 Bg7 6. Nbd2 a6 7. O-O b5 8. Rb1 b4
9. cxb4 Nxb4 10. a3 Nc6 11. Nc4 Nf6 12. Bd2 O-O 13. Bc3 Qc7 14. Ne3 d6 15. Nc4
d5 16. exd5 exd5 17. Be5 Nxe5 18. Ncxe5 Ne8 19. d4 c4 20. h3 f6 21. Ng4 Bxg4
22. hxg4 Nd6 23. Ne1 f5 24. gxf5 Nxf5 25. Bf3 Rad8 26. Nc2 a5 27. Bg4 Qb6 28.
Bxf5 Rxf5 29. Qd2 Rh5 30. Rfe1 Qc7 31. Ne3 Rf8 32. Nd1 Qh2+ 33. Kf1 0-1

[Event "II - WIDCC Open Tournament"]
[Site "Malente GER"]
[Date "2004.07.26"]
[Round "2.9"]
[White "Michalowski R. (GER)"]
[Black "Kaminski L. (POL)"]
[Result "1-0"]
[WhiteElo "1921"]
[BlackElo "1907"]
[PlyCount "95"]
[EventDate "2004.??.??"]
[EventType "swiss"]
[EventRounds "9"]
[EventCountry "GER"]

1. c4 c5 2. Nc3 Nc6 3. g3 g6 4. Bg2 Bg7 5. e3 e5 6. Nge2 Nf6 7. O-O O-O 8. a3
d6 9. Re1 Be6 10. d3 Qd7 11. Rb1 a5 12. Nd5 Bxd5 13. cxd5 Ne7 14. Nc3 Rfc8 15.
e4 b5 16. f4 b4 17. Na4 Qb7 18. fxe5 dxe5 19. Be3 Nd7 20. Bh3 f5 21. Rc1 Qb5
22. Qb3 Kh8 23. Rc4 Nb6 24. Nxb6 Qxb6 25. Rec1 a4 26. Qc2 b3 27. Qf2 Rd8 28.
Rxc5 Qa6 29. Bf1 Qd6 30. Bg5 Bf6 31. Bd2 g5 32. Bb4 Qb6 33. Rc7 Qxf2+ 34. Kxf2
Re8 35. d6 Ng8 36. R1c6 fxe4 37. dxe4 Red8 38. Bh3 Bg7 39. d7 Nf6 40. Bf5 Ng8
41. Rc8 Bf6 42. Ke3 Ne7 43. Rxd8+ Rxd8 44. Rxf6 Nxf5+ 45. Rxf5 Rxd7 46. Rxe5
Kg8 47. Rxg5+ Kh8 48. Re5 1-0

[Event "II - WIDCC Open Tournament"]
[Site "Malente GER"]
[Date "2004.07.26"]
[Round "2.9"]
[White "Dearie J. (SCO)"]
[Black "Karmars A. (LAT)"]
[Result "0-1"]
[WhiteElo "1805"]
[BlackElo "1805"]
[PlyCount "60"]
[EventDate "2004.??.??"]
[EventType "swiss"]
[EventRounds "9"]
[EventCountry "GER"]

1. d4 Nf6 2. Nc3 g6 3. Bg5 d5 4. Nf3 Bg7 5. Bf4 Bf5 6. Ne5 O-O 7. Nd3 Nc6 8.
Nb5 Ne8 9. Ne5 Nb4 10. Nd3 Nxd3+ 11. exd3 c6 12. Nc3 Bxd4 13. Bh6 Ng7 14. Be2
Qb6 15. O-O Qxb2 16. Rb1 Qxc3 17. Rb3 Qc5 18. Qd2 b6 19. c3 Bf6 20. d4 Qd6 21.
Bf4 e5 22. dxe5 Bxe5 23. Bxe5 Qxe5 24. c4 Rad8 25. Re3 Qf6 26. cxd5 Rxd5 27.
Bd3 Rfd8 28. Qc1 Rxd3 29. Rxd3 Rxd3 30. Qf4 Qd6 0-1